ČSN 375051 Používání vedení z jednožilových a můstkových vodičů v silových zařízeních

Bibliographic Details
Format: Book
Language:Undetermined
PhysicalDescription:13 s.
Published: Praha ÚNM 1966

MARC

LEADER 00000nam a2200000 a 4500
001 vtls001333586
003 SK-MaSNL
005 20260224110649.0
008 210928s1966 xx 0 und
035 |a SNK000286509 
040 |a SNK  |b slo  |c SNK  |e AACR2 
245 1 |a ČSN 375051 Používání vedení z jednožilových a můstkových vodičů v silových zařízeních 
260 |a Praha  |b ÚNM  |c 1966 
300 |a 13 s. 
958 |a OND 
999 |c 976482  |d 978412 
952 |t P60, <04>, [BOOK], {604}  |a SNK  |b SNK  |y VYP  |7 0  |p 17A0143354  |o snkČSN 37 5051  |0 0  |1 0  |4 0  |d 1998-06-08  |l 0  |r 2005-01-02 00:00:00  |w 2026-02-24